India-Centra Asia Relations The Road Ahead: (Record no. 183073)

MARC details
000 -LEADER
fixed length control field 00607 a2200193 4500
005 - DATE AND TIME OF LATEST TRANSACTION
control field 20211216120625.0
010 ## - LCCN (DPL NO)
LC control number ENG-130345
020 ## - INTERNATIONAL STANDARD BOOK NUMBER
Terms of availability 980.00
International Standard Book Number 978-93-83445-49-3
035 ## - SYSTEM CONTROL NUMBER
System control number EN-113877
037 ## - SOURCE OF ACQUISITION
Source of stock number/acquisition DBAD / PUB
082 ## - DEWEY DECIMAL CLASSIFICATION NUMBER
Classification number 327.54058
245 ## - TITLE STATEMENT
Title India-Centra Asia Relations The Road Ahead:
Statement of responsibility, etc Edited by Athar Zafar
250 ## - EDITION STATEMENT
Edition statement 2021
260 ## - PUBLICATION, DISTRIBUTION, ETC. (IMPRINT)
Name of publisher, distributor, etc KW Publishers Pvt Ltd
Date of publication, distribution, etc 2021
Place of publication, distribution, etc New Delhi
270 ## - ADDRESS
City New Delhi
Address 4676/21, First Floor, Ansari Road, Daryaganj
Postal code 110002
300 ## - PHYSICAL DESCRIPTION
Extent xi, 184p.
Dimensions 24cm (hbk)
700 ## - ADDED ENTRY--PERSONAL NAME
Personal name Zafar, Athar
942 ## - ADDED ENTRY ELEMENTS (KOHA)
Institution code [OBSOLETE] dpl
Item type English Books
Source of classification or shelving scheme Dewey Decimal Classification
Classification part 327.54058
Call number suffix IND
Holdings
Withdrawn status Lost status Not for loan Collection code Home library Current library Date acquired Source of acquisition Cost, normal purchase price Full call number Barcode Copy number Cost, replacement price Koha item type
      Non-fiction Shahdara Branch Shahdara Branch 16/12/2021 DBAD/PUB 980.00 327.54058 IND EN-113877 1 980.00 English Books

© Delhi Public Library
Hit Counter
free hit counter